000 00913nam a22002177a 4500
999 _c18651
_d18651
003 AR-CdUCM
008 190322b ||||| |||| 00| 0 spa d
020 _a84-8387-048-7
040 _aMUNICIPALIDAD PROVINCIAL DEL CUSCO
_cBIBLIOTECA MUNICIPAL DEL CUSCO
082 _a306.980 /
_bUR73
100 _aUrbano, Enrique
_939364
245 _aModernidad en Los Andes /
260 _aCusco - Perú :
_bCentro Bartolomé de las Casas ;
_c1991.
300 _a299 páginas ;
_c24 cm.
440 _aDebates andinos
_n17
_939365
505 _aContenido : Modernidad en los andes: Un tema y un debate -- Modernidad, un fin incomodo -- Modernidad sin alternativas, sobre las condiciones de la racionalidad en Jürguen Habermas ...
650 _aComunidades indígenas
_93290
710 _aCentro de Estudios Regionales Andinos, Bartolomé de Las Casas - Cusco
_923334
942 _2ddc
_cLIBROS
945 _arah
_d2019/05/14